• 首页
  • 本馆介绍
  • 公告通知
  • 最新文献
  • 馆藏检索
  • 电子资源
  • 读者导购
  • 参考咨询
  • 我的图书馆
  • 登录
  • 详细信息显示
  • 放入我的书架
  • 预约/预借图书
  • 作者相关作品
  • 分类相关作品
  • 丛书相关作品
  • 出版社相关作品

书目信息

  • 表格格式
  • 工作单格式
  • 卡片格式
书名: Physical science in the modern world
作者: [by] Jerry B. Marion.
分册号:
分册名:
出版地: New York :
 
出版社: Academic Press
出版时间: [1974].
页数: xiv, 717 p. :
开本: 24 cm.
丛书名:
中图分类号:
科图分类号:
其他分类号: H319.4
主题词:
电子资源:
000 00643nam 2200229 4504
001 E0762171267
005 20070302171903.20
008 740102s1974 nyua b 00110 eng
010    @a73005310
020    @a0124722601.
040    @aDLC@cCIN@dCIN
050 00 @aQ161.2@b.M37
082    @a500.2
090    @aH319.4
099    @dH319.4@ex346
100 1  @aMarion, Jerry B.
245 10 @aPhysical science in the modern world / @c[by] Jerry B. Marion.
260 0  @aNew York :@bAcademic Press,@c[1974].
300    @axiv, 717 p. :@billus. ;@c24 cm.
504    @aIncludes bibliographies.
650  0 @aScience.
920    @a232010@z2
    
    Physical science in the modern world / / [by] Jerry B. Marion.-New York : : Academic Press, , [1974].
    xiv, 717 p. : : illus. ; ; 24 cm.
    Includes bibliographies.
    
    ISBN 0124722601.
    
●
相关链接 在E读中查询图书 在五车中查询图书 在当当中查询图书 在豆瓣中查询图书


正题名:Physical science in the modern world     索取号:H319.4/x346         预约/预借

序号 登录号 条形码 馆藏地/架位号 状态 备注
1 49070   001424621   第四借阅区/ [索取号:H319.4/x346] 在馆    
2 49071   001424612   第四借阅区/ [索取号:H319.4/x346] 在馆    
唐山师范学院图书馆 欢迎您!
大连网信软件有限公司© 版权所有